000
00292nam a22001337a 4500
008
170426b xxu||||| |||| 00| 0 eng d
020
_a
070327602
041
_a
eng
080
_a
546
100
_a
12
101
_a
SHM
245
_a
MODERN INORGANIC CHEMISTRY
_c
JOLLY, W.L
942
_2
udc
_c
BK
999
_c
12043
_d
12043